[Event "Landesliga Nord 1920"]
[Site "Bayern"]
[Date "2020.01.19"]
[Round "5.3"]
[White "Hoermann, Fabian"]
[Black "Tong, Kevin"]
[Result "0-1"]
[WhiteElo "2042"]
[BlackElo "2167"]
[PlyCount "80"]
[EventDate "2019.09.29"]
[EventType "team-tourn"]
[EventRounds "9"]
[EventCountry "GER"]
[SourceTitle "EXT 2021"]
[Source "ChessBase"]
[SourceDate "2020.10.23"]
[SourceVersion "1"]
[SourceVersionDate "2020.10.23"]
[SourceQuality "1"]
[WhiteTeam "Kronach"]
[BlackTeam "Erlangen SC II"]
[WhiteTeamCountry "GER"]
[BlackTeamCountry "GER"]

1. d4 d5 2. c4 c6 3. Nf3 Nf6 4. Nc3 dxc4 5. a4 Bf5 6. e3 e6 7. Bxc4 Bb4 8. Qb3 a5 9. 0-0 0-0 10. Na2 Bd6 11. Qxb7 Nbd7 12. Qb3 Qc7 13. Be2 Rab8 14. Qd1 e5 15. Nh4 Be6 16. g3 Rfd8 17. Nc3 Nb6 18. Qc2 Nbd5 19. Nxd5 Nxd5 20. Bd2 exd4 21. exd4 Qb6 22. Bc3 Be7 23. Nf3 Bf6 24. Bd3 g6 25. Ne5 c5 26. Nc4 Qa7 27. Bxa5 Nb4 28. Bxb4 Rxb4 29. dxc5 Rxd3 30. Qxd3 Bxc4 31. Qd6 Be7 32. Qd2 Bxc5 33. Rfe1 Rb8 34. Qf4 Be6 35. Rac1 Rxb2 36. Rf1 Bh3 37. Qf6 Bd4 38. Qf4 Bxf1 39. Rxf1 Qxa4 40. h4 h5 0-1

[Event "Regionalliga Nord-West 1819"]
[Site "Bayern"]
[Date "2019.02.03"]
[Round "6.2"]
[White "Hoermann, Fabian"]
[Black "Roth, Jakob"]
[Result "1-0"]
[WhiteElo "2051"]
[BlackElo "1973"]
[PlyCount "85"]
[EventDate "2018.10.21"]
[EventType "team-tourn"]
[EventRounds "9"]
[EventCountry "GER"]
[SourceTitle "EXT 2022"]
[Source "ChessBase"]
[SourceDate "2021.10.06"]
[SourceVersion "1"]
[SourceVersionDate "2021.10.06"]
[SourceQuality "1"]
[WhiteTeam "Kronach"]
[BlackTeam "Stetten"]
[WhiteTeamCountry "GER"]
[BlackTeamCountry "GER"]

1. d4 d5 2. c4 c6 3. Nf3 Nf6 4. Nc3 e6 5. e3 Nbd7 6. Qc2 Bd6 7. e4 dxe4 8. Nxe4 Nxe4 9. Qxe4 Qe7 10. Bf4 Bxf4 11. Qxf4 Qb4+ 12. Qd2 Qxd2+ 13. Kxd2 c5 14. Bd3 0-0 15. Kc3 Rb8 16. Rad1 b6 17. Rhe1 Bb7 18. dxc5 Nxc5 19. b4 Bxf3 20. gxf3 Nxd3 21. Rxd3 g6 22. Red1 Rfc8 23. Rd7 a5 24. a3 Ra8 25. Kb3 axb4 26. axb4 Kg7 27. R1d6 b5 28. c5 Ra1 29. Rd1 Ra4 30. Rb7 Rca8 31. Rxb5 Ra3+ 32. Kc4 Rxf3 33. Rb7 Rxf2 34. Rdd7 g5 35. Kb5 g4 36. c6 h5 37. c7 Rc2 38. Kb6 Rc8 39. Rd6 Rc4 40. b5 h4 41. Rc6 Rxc6+ 42. Kxc6 Ra8 43. Rb8 1-0

[Event "Regionalliga Nord-West 1718"]
[Site "Bayern"]
[Date "2017.11.12"]
[Round "2.2"]
[White "Hertel, Hans"]
[Black "Hoermann, Fabian"]
[Result "1/2-1/2"]
[WhiteElo "1946"]
[BlackElo "2038"]
[PlyCount "73"]
[EventDate "2017.10.22"]
[EventType "team-tourn"]
[EventRounds "9"]
[EventCountry "GER"]
[SourceTitle "EXT 2022"]
[Source "ChessBase"]
[SourceDate "2021.10.06"]
[SourceVersion "1"]
[SourceVersionDate "2021.10.06"]
[SourceQuality "1"]
[WhiteTeam "Hof PTSV"]
[BlackTeam "Kronach"]
[WhiteTeamCountry "GER"]
[BlackTeamCountry "GER"]

1. d4 Nf6 2. c3 g6 3. Bg5 Bg7 4. Nd2 0-0 5. e4 d6 6. Ngf3 c5 7. Bc4 Nc6 8. dxc5 dxc5 9. 0-0 Qc7 10. Qe2 Ng4 11. Rae1 Nge5 12. Nxe5 Nxe5 13. f4 Nxc4 14. Nxc4 Be6 15. f5 Bxc4 16. Qxc4 a6 17. Rf3 b5 18. Qe2 Be5 19. Rh3 Bf4 20. Qg4 Bxg5 21. Qxg5 Qe5 22. Qh4 h5 23. Qg5 Kg7 24. Rxh5 Rh8 25. Rxh8 Rxh8 26. g3 b4 27. Qe3 Rd8 28. fxg6 fxg6 29. Rf1 Rd6 30. Kg2 bxc3 31. bxc3 c4 32. Rf3 Rd3 33. Qf4 Qxf4 34. gxf4 Rd2+ 35. Rf2 Rd3 36. Rf3 Rd2+ 37. Rf2 1/2-1/2

[Event "Regionalliga Nord-West 1718"]
[Site "Bayern"]
[Date "2017.10.22"]
[Round "1.2"]
[White "Hoermann, Fabian"]
[Black "Wurm, Alexander"]
[Result "1/2-1/2"]
[WhiteElo "2038"]
[BlackElo "2099"]
[PlyCount "61"]
[EventDate "2017.10.22"]
[EventType "team-tourn"]
[EventRounds "9"]
[EventCountry "GER"]
[SourceTitle "EXT 2022"]
[Source "ChessBase"]
[SourceDate "2021.10.06"]
[SourceVersion "1"]
[SourceVersionDate "2021.10.06"]
[SourceQuality "1"]
[WhiteTeam "Kronach"]
[BlackTeam "Stetten"]
[WhiteTeamCountry "GER"]
[BlackTeamCountry "GER"]

1. d4 Nf6 2. c4 g6 3. Nc3 Bg7 4. Nf3 0-0 5. g3 d6 6. Bg2 Nc6 7. 0-0 e5 8. dxe5 Nxe5 9. Nxe5 dxe5 10. Qxd8 Rxd8 11. Bg5 Re8 12. Nd5 Nxd5 13. cxd5 e4 14. Rac1 Bxb2 15. Rxc7 Be5 16. Rc4 f5 17. f3 exf3 18. Bxf3 Bd7 19. Rb1 b5 20. Rc2 Rac8 21. Rbc1 Kf7 22. Kf2 Rxc2 23. Rxc2 Rc8 24. Rxc8 Bxc8 25. e4 Ke8 26. Be2 a6 27. Ke3 Bb2 28. Bf4 fxe4 29. g4 b4 30. Kxe4 a5 31. h4 1/2-1/2

[Event "Regionalliga NW 0910"]
[Site "Bayern"]
[Date "2010.03.21"]
[Round "8.1"]
[White "Dobrovolsky, Ladislav"]
[Black "Hoermann, Fabian"]
[Result "1-0"]
[WhiteElo "2397"]
[BlackElo "2050"]
[PlyCount "65"]
[EventDate "2009.10.18"]
[EventType "team-tourn"]
[EventRounds "9"]
[EventCountry "GER"]
[SourceTitle "EXT 2011"]
[Source "ChessBase"]
[SourceDate "2010.11.26"]
[SourceVersion "1"]
[SourceVersionDate "2010.11.26"]
[SourceQuality "1"]
[WhiteTeam "Obernau"]
[BlackTeam "Kronach"]
[WhiteTeamCountry "GER"]
[BlackTeamCountry "GER"]

1. Nf3 d5 2. g3 Nf6 3. Bg2 c6 4. b3 Bf5 5. Bb2 Nbd7 6. 0-0 Qc7 7. d3 e5 8. Nbd2 Bd6 9. Qe1 0-0 10. e4 Bg6 11. Nh4 Rfe8 12. Nxg6 hxg6 13. Nf3 d4 14. c3 Nc5 15. Qd2 dxc3 16. Qxc3 Nfd7 17. Bh3 a5 18. Ng5 Be7 19. Nxf7 Kxf7 20. Qc4+ Kf8 21. f4 exf4 22. Rxf4+ Bf6 23. Ba3 b6 24. d4 Ke7 25. e5 Bg5 26. Rf7+ Kd8 27. dxc5 b5 28. Qg4 Be3+ 29. Kh1 Re7 30. Rxe7 Kxe7 31. Qe6+ Kd8 32. Rd1 Ra7 33. Qg8+ 1-0

[Event "Regionalliga NW 0910"]
[Site "Bayern"]
[Date "2009.11.15"]
[Round "2.2"]
[White "Kopp, Andre"]
[Black "Hoermann, Fabian"]
[Result "0-1"]
[WhiteElo "2179"]
[BlackElo "2050"]
[PlyCount "82"]
[EventDate "2009.10.18"]
[EventType "team-tourn"]
[EventRounds "9"]
[EventCountry "GER"]
[SourceTitle "EXT 2011"]
[Source "ChessBase"]
[SourceDate "2010.11.26"]
[SourceVersion "1"]
[SourceVersionDate "2010.11.26"]
[SourceQuality "1"]
[WhiteTeam "Marktleuthen"]
[BlackTeam "Kronach"]
[WhiteTeamCountry "GER"]
[BlackTeamCountry "GER"]

1. d4 Nf6 2. Nf3 g6 3. c4 Bg7 4. Nc3 0-0 5. g3 d6 6. Bg2 Nbd7 7. 0-0 e5 8. b3 a6 9. Bb2 Rb8 10. Qc2 Re8 11. h3 exd4 12. Nxd4 c5 13. Nf3 b5 14. cxb5 axb5 15. Rad1 b4 16. Na4 Qe7 17. Rfe1 Nb6 18. Nxb6 Rxb6 19. e4 Nd7 20. Bxg7 Kxg7 21. Nd2 Ba6 22. f4 Bb5 23. Nc4 Bxc4 24. Qxc4 f6 25. Re2 Nf8 26. Rde1 Ne6 27. e5 fxe5 28. fxe5 Nd4 29. Rf2 dxe5 30. Ref1 Nf5 31. g4 Nd6 32. Qxc5 Rb5 33. Qe3 e4 34. Rd2 Qe5 35. Rd4 Rd5 36. Rfd1 Rxd4 37. Rxd4 Qc5 38. Bf1 Rf8 39. Qd2 Rf7 40. Kg2 Qe5 41. Kg1 e3 0-1

[Event "Regionalliga NW 0910"]
[Site "Bayern"]
[Date "2009.10.18"]
[Round "1.2"]
[White "Hoermann, Fabian"]
[Black "Wunder, Stefan"]
[Result "1-0"]
[WhiteElo "2050"]
[BlackElo "2035"]
[PlyCount "25"]
[EventDate "2009.10.18"]
[EventType "team-tourn"]
[EventRounds "9"]
[EventCountry "GER"]
[SourceTitle "EXT 2011"]
[Source "ChessBase"]
[SourceDate "2010.11.26"]
[SourceVersion "1"]
[SourceVersionDate "2010.11.26"]
[SourceQuality "1"]
[WhiteTeam "Kronach"]
[BlackTeam "Nordhalben"]
[WhiteTeamCountry "GER"]
[BlackTeamCountry "GER"]

1. c4 c5 2. g3 Nc6 3. Bg2 g6 4. Nc3 Bg7 5. Nf3 e6 6. d4 Nxd4 7. Nxd4 cxd4 8. Nb5 Qb6 9. Qa4 Ne7 10. Bf4 e5 11. c5 Qd8 12. Nd6+ Kf8 13. Qc4 1-0

[Event "Regionalliga NW 0809"]
[Site "Bayern"]
[Date "2009.02.01"]
[Round "6.6"]
[White "Posske, Thore"]
[Black "Hoermann, Fabian"]
[Result "0-1"]
[WhiteElo "1939"]
[BlackElo "1902"]
[PlyCount "124"]
[EventDate "2008.10.05"]
[EventType "team-tourn"]
[EventRounds "9"]
[EventCountry "GER"]
[SourceTitle "EXT 2020"]
[Source "ChessBase"]
[SourceDate "2019.10.17"]
[SourceVersion "1"]
[SourceVersionDate "2019.10.17"]
[SourceQuality "1"]
[WhiteTeam "Wuerzburg II"]
[BlackTeam "Kronach"]
[WhiteTeamCountry "GER"]
[BlackTeamCountry "GER"]

1. d4 Nf6 2. Nf3 g6 3. g3 Bg7 4. Bg2 0-0 5. 0-0 d6 6. Nbd2 Nc6 7. Nc4 Bd7 8. a4 e6 9. Bg5 h6 10. Bc1 Ne4 11. c3 f5 12. Qb3 Rb8 13. Nfd2 d5 14. Ne5 Nxe5 15. Nxe4 dxe4 16. dxe5 Qe7 17. Be3 b6 18. Qc4 c5 19. f3 exf3 20. exf3 Bc6 21. Rfd1 Bd5 22. Rxd5 exd5 23. Qxd5+ Kh7 24. f4 Rbd8 25. Qc4 Qd7 26. Kf2 Rfe8 27. Bf3 Qe6 28. Qxe6 Rxe6 29. c4 Rd3 30. Bd5 Re7 31. Bc1 Rb3 32. h4 g5 33. hxg5 hxg5 34. Ra2 gxf4 35. gxf4 Bh6 36. Be3 a5 37. Bc1 Kg6 38. Ra3 Rxa3 39. bxa3 Rh7 40. Be3 Bf8 41. Kg3 Be7 42. Bd2 Bh4+ 43. Kg2 Be7 44. Kg3 Rh4 45. Bf3 Kf7 46. Bd5+ Kg6 47. Bf3 Bd8 48. Bc3 Rh7 49. Bd2 Rd7 50. Bd5 Rh7 51. Bf3 Bh4+ 52. Kg2 Kf7 53. Bd5+ Ke7 54. Kf1 Bg3 55. Kg2 Rh2+ 56. Kxg3 Rxd2 57. Kh4 Rxd5 58. cxd5 c4 59. Kg5 c3 60. Kxf5 c2 61. d6+ Ke8 62. Kf6 c1Q 0-1

[Event "Oberfranken-ch U18 0809"]
[Site "Schney"]
[Date "2009.01.03"]
[Round "4"]
[White "Heckel, Christopher"]
[Black "Hoermann, Fabian"]
[Result "1/2-1/2"]
[WhiteElo "1818"]
[BlackElo "1913"]
[PlyCount "44"]
[EventDate "2009.01.02"]
[EventType "tourn"]
[EventRounds "7"]
[EventCountry "GER"]
[SourceTitle "EXT 2012"]
[Source "ChessBase"]
[SourceDate "2011.11.24"]
[SourceVersion "1"]
[SourceVersionDate "2011.11.24"]
[SourceQuality "1"]

1. e4 e6 2. d4 d5 3. Nd2 Nf6 4. e5 Nfd7 5. Ne2 c5 6. c3 Nc6 7. Nf3 cxd4 8. cxd4 f6 9. exf6 Nxf6 10. g3 Bb4+ 11. Bd2 Bxd2+ 12. Nxd2 Qb6 13. Nb3 Qb4+ 14. Nc3 Ne4 15. Rc1 0-0 16. f3 Nxc3 17. Rxc3 Qe7 18. Bg2 e5 19. 0-0 exd4 20. Nxd4 Nxd4 21. Qxd4 Be6 22. Rfc1 Qd6 1/2-1/2

[Event "Regionalliga NW 0809"]
[Site "Bayern"]
[Date "2008.11.30"]
[Round "3.6"]
[White "Hoermann, Fabian"]
[Black "Vojtech, Jaroslav"]
[Result "0-1"]
[WhiteElo "1935"]
[BlackElo "2131"]
[PlyCount "64"]
[EventDate "2008.10.05"]
[EventType "team-tourn"]
[EventRounds "9"]
[EventCountry "GER"]
[SourceTitle "EXT 2020"]
[Source "ChessBase"]
[SourceDate "2019.10.17"]
[SourceVersion "1"]
[SourceVersionDate "2019.10.17"]
[SourceQuality "1"]
[WhiteTeam "Kronach"]
[BlackTeam "Bindlach II"]
[WhiteTeamCountry "GER"]
[BlackTeamCountry "GER"]

1. c4 e5 2. Nc3 Nf6 3. g3 c6 4. Nf3 e4 5. Ng5 d5 6. cxd5 cxd5 7. d3 h6 8. Nh3 Bf5 9. dxe4 Bxe4 10. Nxe4 Nxe4 11. a3 Nc6 12. Bg2 Qa5+ 13. Kf1 Rd8 14. f3 Nf6 15. Nf4 Bd6 16. Be3 d4 17. Bf2 Bxf4 18. gxf4 Nd5 19. Qb3 0-0 20. Rd1 Nxf4 21. Qxb7 Qc5 22. Qb3 Rb8 23. Qa4 Rxb2 24. Bxd4 Nxd4 25. Qxd4 Qc2 26. Re1 Nxe2 27. Qf2 Nf4 28. Qxc2 Rxc2 29. Re4 g5 30. Rxf4 gxf4 31. Bh3 Rb8 32. Rg1+ Kf8 0-1

[Event "Regionalliga NW 0708"]
[Site "Bayern"]
[Date "2008.01.20"]
[Round "5.8"]
[White "Hoermann, Fabian"]
[Black "Drewes, Thomas"]
[Result "1/2-1/2"]
[WhiteElo "1869"]
[BlackElo "1741"]
[PlyCount "58"]
[EventDate "2007.10.21"]
[EventType "team-tourn"]
[EventRounds "9"]
[EventCountry "GER"]
[SourceTitle "EXT 2009"]
[Source "ChessBase"]
[SourceDate "2008.11.26"]
[SourceVersion "1"]
[SourceVersionDate "2008.11.26"]
[SourceQuality "1"]
[WhiteTeam "Kronach"]
[BlackTeam "Wuerzburg II"]
[WhiteTeamCountry "GER"]
[BlackTeamCountry "GER"]

1. d4 Nf6 2. c4 e6 3. Nc3 c5 4. d5 exd5 5. cxd5 d6 6. Nf3 g6 7. g3 Bg7 8. Bg2 0-0 9. 0-0 Re8 10. Nd2 a6 11. a4 Nbd7 12. Nc4 Ne5 13. Nxe5 Rxe5 14. Bf4 Re8 15. Qd2 Nh5 16. Bg5 f6 17. Be3 f5 18. Bf3 Nf6 19. Bg5 Qc7 20. h4 Ng4 21. Bf4 Be5 22. Kg2 h5 23. Bxe5 Nxe5 24. Qg5 Qe7 25. Qxe7 Rxe7 26. e3 Bd7 27. Be2 Rae8 28. Rfc1 Kg7 29. a5 Rc8 1/2-1/2

[Event "Oberfranken-ch M 0708"]
[Site "Schney"]
[Date "2008.01.04"]
[Round "4"]
[White "Breithut, Kurt Georg"]
[Black "Hoermann, Fabian"]
[Result "1-0"]
[WhiteElo "2122"]
[BlackElo "1860"]
[PlyCount "69"]
[EventDate "2008.01.02"]
[EventType "swiss"]
[EventRounds "7"]
[EventCountry "GER"]
[SourceTitle "CBM 122 Extra"]
[Source "ChessBase"]
[SourceDate "2008.03.04"]
[SourceVersion "1"]
[SourceVersionDate "2008.03.04"]
[SourceQuality "1"]

1. e4 e6 2. d4 d5 3. Bd3 c5 4. c3 Nc6 5. Nf3 Nf6 6. exd5 Qxd5 7. 0-0 cxd4 8. cxd4 Be7 9. Nc3 Qd8 10. Bg5 h6 11. Bh4 Nd5 12. Bg3 0-0 13. Rc1 Nxc3 14. bxc3 Bf6 15. Be4 Re8 16. Rb1 Re7 17. Qa4 Qd7 18. Rfd1 Nxd4 19. Rxd4 Bxd4 20. Qxd4 Qxd4 21. cxd4 f5 22. Bc2 g5 23. Be5 b6 24. Ba4 Bb7 25. h4 g4 26. Nd2 Rc8 27. h5 Bd5 28. Rb2 Kh7 29. Kh2 Rb7 30. Bb5 Re7 31. Nf1 Bb7 32. Ne3 Bd5 33. Bd3 Rf7 34. Nxg4 Rc3 35. Bb1 1-0

[Event "Oberfranken-ch M 0708"]
[Site "Schney"]
[Date "2008.01.03"]
[Round "3"]
[White "Hoermann, Fabian"]
[Black "Siegert, Wolfgang"]
[Result "1/2-1/2"]
[WhiteElo "1860"]
[BlackElo "1999"]
[PlyCount "44"]
[EventDate "2008.01.02"]
[EventType "swiss"]
[EventRounds "7"]
[EventCountry "GER"]
[SourceTitle "CBM 122 Extra"]
[Source "ChessBase"]
[SourceDate "2008.03.04"]
[SourceVersion "1"]
[SourceVersionDate "2008.03.04"]
[SourceQuality "1"]

1. e4 c5 2. Nf3 g6 3. d3 Bg7 4. g3 Nc6 5. Bg2 d6 6. 0-0 Nf6 7. Re1 e5 8. Nbd2 a6 9. Nf1 0-0 10. h4 h6 11. N1h2 Be6 12. Be3 Kh7 13. c3 Qd7 14. Nd2 Ng8 15. Nc4 Qc7 16. Bd2 f5 17. Ne3 Nf6 18. Nd5 Bxd5 19. exd5 Ne7 20. c4 b5 21. Rb1 Nd7 22. b3 Rae8 1/2-1/2

[Event "Oberfranken-ch op 0607"]
[Site "Schney"]
[Date "2007.01.04"]
[Round "6"]
[White "Reithmeier, Selina"]
[Black "Hoermann, Fabian"]
[Result "1/2-1/2"]
[WhiteElo "1382"]
[BlackElo "1706"]
[PlyCount "87"]
[EventDate "2007.01.02"]
[EventType "swiss"]
[EventRounds "9"]
[EventCountry "GER"]
[SourceTitle "EXT 2024"]
[Source "ChessBase"]
[SourceDate "2023.10.10"]
[SourceVersion "1"]
[SourceVersionDate "2023.10.10"]
[SourceQuality "1"]

1. d4 d5 2. c4 e6 3. Nc3 Nf6 4. e3 c6 5. c5 Be7 6. Nf3 0-0 7. Bd3 Nbd7 8. 0-0 Qc7 9. b4 e5 10. e4 exd4 11. exd5 Nxd5 12. Nxd5 cxd5 13. Qc2 Nf6 14. Bb2 h6 15. Bxd4 Be6 16. a4 Rac8 17. Rfe1 a5 18. Be5 Qd8 19. Rab1 axb4 20. Rxb4 Rxc5 21. Qb2 Bc8 22. h3 Ra5 23. Bxf6 Bxf6 24. Qb3 Rc5 25. Nd4 Re8 26. Rxe8+ Qxe8 27. Nc2 Qd8 28. Nd4 Qc7 29. Ne2 Qd8 30. Qb1 Rc6 31. Rb5 Rd6 32. Qb3 b6 33. Nf4 Be6 34. Nxe6 fxe6 35. a5 Bd4 36. axb6 Rxb6 37. Qb4 Qf6 38. Qd2 Rxb5 39. Bxb5 Bc5 40. Qc2 Qa1+ 41. Kh2 Qe5+ 42. g3 Qd4 43. Kg2 Qb4 44. Bd7 1/2-1/2

[Event "Oberfranken-ch op 0607"]
[Site "Schney"]
[Date "2007.01.03"]
[Round "5"]
[White "Hoermann, Fabian"]
[Black "Barz, Arthur"]
[Result "1/2-1/2"]
[WhiteElo "1706"]
[BlackElo "1244"]
[PlyCount "56"]
[EventDate "2007.01.02"]
[EventType "swiss"]
[EventRounds "9"]
[EventCountry "GER"]
[SourceTitle "EXT 2024"]
[Source "ChessBase"]
[SourceDate "2023.10.10"]
[SourceVersion "1"]
[SourceVersionDate "2023.10.10"]
[SourceQuality "1"]

1. d4 d5 2. c4 e6 3. Nc3 Nf6 4. Bg5 Bb4 5. e3 h6 6. Bh4 c6 7. Qa4 Be7 8. Nf3 Qb6 9. Qb3 Qxb3 10. axb3 g5 11. Bg3 Nbd7 12. Bd3 Bb4 13. Ne5 Ne4 14. Bxe4 dxe4 15. Nxd7 Bxd7 16. 0-0 Bxc3 17. bxc3 Ke7 18. f3 exf3 19. Rxf3 f6 20. e4 g4 21. Re3 Kf7 22. Bh4 Kg6 23. d5 Rhe8 24. Ree1 Rec8 25. d6 c5 26. Rf1 f5 27. e5 a5 28. Ra2 b6 1/2-1/2

[Event "Oberfranken-ch op 0607"]
[Site "Schney"]
[Date "2007.01.03"]
[Round "4"]
[White "Wiesheier, Ralf"]
[Black "Hoermann, Fabian"]
[Result "0-1"]
[WhiteElo "1238"]
[BlackElo "1706"]
[PlyCount "94"]
[EventDate "2007.01.02"]
[EventType "swiss"]
[EventRounds "9"]
[EventCountry "GER"]
[SourceTitle "EXT 2024"]
[Source "ChessBase"]
[SourceDate "2023.10.10"]
[SourceVersion "1"]
[SourceVersionDate "2023.10.10"]
[SourceQuality "1"]

1. e4 e6 2. d4 d5 3. e5 c5 4. Bb5+ Bd7 5. Bxd7+ Nxd7 6. c3 Ne7 7. Nf3 Nc6 8. 0-0 Be7 9. Be3 0-0 10. Nbd2 cxd4 11. cxd4 f6 12. Bf4 fxe5 13. Bxe5 Ndxe5 14. Nxe5 Nxd4 15. Qa4 Rf4 16. Qd1 Nc6 17. Ndf3 Nxe5 18. Nxe5 Bd6 19. Re1 Bxe5 20. Rxe5 Qb6 21. Qe2 Rf6 22. g3 Raf8 23. Rf1 Rc8 24. Re1 Rc6 25. b3 Qa6 26. Qxa6 Rxa6 27. f4 Kf7 28. a4 Rd6 29. Rc1 Rc6 30. Rf1 Ke7 31. g4 Kd7 32. f5 Kd6 33. Rfe1 exf5 34. gxf5 Rc3 35. Re6+ Rxe6 36. Rxe6+ Kd7 37. Re5 Rxb3 38. Rxd5+ Ke7 39. Ra5 a6 40. Rc5 Rb4 41. Rc7+ Kf6 42. Kg2 Kxf5 43. Rxg7 Rg4+ 44. Rxg4 Kxg4 45. h3+ Kf4 46. a5 h5 47. Kh2 Kf3 0-1

[Event "Oberfranken-ch U16"]
[Site "Schney"]
[Date "2006.01.04"]
[Round "5.1"]
[White "Backer, Julia"]
[Black "Hoermann, Fabian"]
[Result "1-0"]
[WhiteElo "1571"]
[BlackElo "1492"]
[PlyCount "97"]
[EventDate "2006.01.02"]
[EventType "swiss"]
[EventRounds "7"]
[EventCountry "GER"]
[SourceTitle "EXT 2019"]
[Source "ChessBase"]
[SourceDate "2018.10.10"]
[SourceVersion "1"]
[SourceVersionDate "2018.10.10"]
[SourceQuality "1"]

1. e4 c5 2. Nf3 d6 3. d4 cxd4 4. Nxd4 Nf6 5. Nc3 e6 6. Bc4 Be7 7. f3 Bd7 8. Be3 Nc6 9. Qd2 Nxd4 10. Bxd4 Qc7 11. Bb3 0-0 12. 0-0-0 b5 13. g4 a5 14. a3 e5 15. Be3 b4 16. Nd5 Nxd5 17. Bxd5 bxa3 18. bxa3 Rac8 19. Kb2 Rb8+ 20. Ka2 Rfc8 21. c4 Be6 22. Rc1 Bxd5 23. cxd5 Qb7 24. Rxc8+ Rxc8 25. Rc1 a4 26. Qb4 Rb8 27. Qxb7 Rxb7 28. Rb1 Rc7 29. Rb8+ Bf8 30. Kb2 f6 31. Bb6 Rd7 32. Kc3 Kf7 33. Kb4 Be7 34. Kxa4 g5 35. Kb5 h5 36. Kc6 Rd8 37. Bxd8 Bxd8 38. Rxd8 hxg4 39. fxg4 f5 40. gxf5 g4 41. Rxd6 g3 42. hxg3 Kg7 43. Kd7 Kf7 44. Kd8 Kg7 45. Ke7 Kg8 46. Rg6+ Kh8 47. Kf7 Kh7 48. a4 Kh8 49. Rh6# 1-0

[Event "Oberfranken-ch U14 0405"]
[Site "Schney"]
[Date "2005.01.02"]
[Round "1"]
[White "Hoermann, Fabian"]
[Black "Rotter, Alexander"]
[Result "1-0"]
[WhiteElo "1371"]
[BlackElo "940"]
[PlyCount "49"]
[EventDate "2005.01.02"]
[EventType "swiss"]
[EventRounds "7"]
[EventCountry "GER"]
[SourceTitle "EXT 2007"]
[Source "ChessBase"]
[SourceDate "2006.11.23"]
[SourceVersion "1"]
[SourceVersionDate "2006.11.23"]
[SourceQuality "1"]

1. d4 d6 2. c4 g6 3. Nc3 Bg7 4. Nf3 Nf6 5. e4 Bg4 6. Be2 Nbd7 7. h3 Bxf3 8. Bxf3 0-0 9. Be3 c5 10. d5 Qb6 11. Qd2 Qb4 12. 0-0-0 Qxc4 13. Be2 Qb4 14. a3 Qb6 15. g4 Ne5 16. f4 Ned7 17. h4 a6 18. h5 a5 19. hxg6 fxg6 20. g5 Ne8 21. Bg4 Rd8 22. Be6+ Kh8 23. Rxh7+ Kxh7 24. Qh2+ Bh6 25. Qxh6# 1-0